Statistics for All 100K+ Cities of Île-de-France on a Map

Click here to take the quiz!

General Stats

  • This quiz has been taken 274 times
  • The average score is 3 of 5

Answers on the Map

Answers color-coded by a green-red scale on the quiz's map according to % correct below.
 

Answer Stats

Pop.Cities/Suburbs/Communes% Correct
2,187,526Paris
100%
111,135Saint-Denis
76%
120,071Boulogne-Billancourt
60%
110,210Argenteuil
56%
109,897Montreuil
55%

Score Distribution

Percentile by Number Answered

Percent of People with Each Score

Your Score History

You have not taken this quiz